[Event "Olympiad Women 2024"]
[Site "Budapest HUN"]
[Date "2024.09.18"]
[Round "7.58"]
[White "Torres Hernandez, Leslie Carolin"]
[Black "Ramas, Carmina Jasmine"]
[Result "1-0"]
[WhiteElo "1891"]
[BlackElo "1712"]
[TimeControl "5400/40+30:1800+30\""]
[EventDate "2024.09.11"]
[Board "2"]
[WhiteFideId "8400504"]
[BlackFideId "31001548"]
[WhiteTeam "Honduras"]
[BlackTeam "Guam"]

1. e4 d6 2. d4 Nf6 3. Bd3 Nbd7 4. f4 e5 5. Nf3 exd4 6. Nxd4 Be7 7. O-O O-O
8. Nc3 c6 9. Qf3 Qb6 10. Be3 Qxb2 11. Nce2 Qa3 12. Nf5 Re8 13. g4 Nf8 14.
Neg3 Bxf5 15. Nxf5 Bd8 16. g5 N6d7 17. Rfb1 Bb6 18. Rb3 Bxe3+ 19. Qxe3 Qc5
20. Rxb7 Qxe3+ 21. Nxe3 Nc5 22. Rb4 Nfe6 23. Ng2 Nxd3 24. cxd3 c5 25. Rb7
Nd4 26. Kf2 g6 27. Rab1 Red8 28. Ne3 Nc6 29. Rc7 Nb4 30. Ke2 Nxa2 31. Rbb7
Rf8 32. Ng4 a5 33. Nh6+ Kg7 34. Nxf7 Rxf7 35. Rxf7+ Kg8 36. Rg7+ Kf8 37.
Rxh7 Kg8 38. Rbg7+ Kf8 39. Rxg6 Ra6 40. Rgg7 a4 41. f5 a3 42. f6 Nc3+ 43.
Kf3 a2 1-0

[Event "Olympiad Women 2024"]
[Site "Budapest HUN"]
[Date "2024.09.18"]
[Round "7.58"]
[White "Estur, Grace Co"]
[Black "Cruz, Bitia"]
[Result "0-1"]
[WhiteElo "1586"]
[BlackElo "1736"]
[TimeControl "5400/40+30:1800+30\""]
[EventDate "2024.09.11"]
[Board "3"]
[WhiteFideId "31000770"]
[BlackFideId "8400644"]
[WhiteTeam "Guam"]
[BlackTeam "Honduras"]

1. c4 c5 2. Nc3 Nf6 3. Nf3 g6 4. e4 d6 5. Be2 Nc6 6. O-O Bg7 7. d3 O-O 8.
Bf4 Bd7 9. Qd2 Nh5 10. Bg5 f5 11. Bh6 f4 12. Bxg7 Kxg7 13. Rad1 Nd4 14. h3
e5 15. g4 fxg3 16. fxg3 Nxg3 17. Rf2 Ngxe2+ 18. Nxe2 Nxf3+ 19. Rxf3 Rxf3
20. Kg2 Rxh3 21. Ng1 Rh4 22. Kf1 Rf4+ 23. Kg2 Qg5+ 24. Kh1 Rh4+ 25. Qh2
Rxh2+ 26. Kxh2 Qh5+ 27. Nh3 Qxh3+ 28. Kg1 Qg4+ 29. Kf2 Qxd1 30. b4 Rf8+ 31.
Kg2 Qf1+ 32. Kg3 Qh3# 0-1

[Event "Olympiad Women 2024"]
[Site "Budapest HUN"]
[Date "2024.09.18"]
[Round "7.58"]
[White "Maradiaga, Cesia"]
[Black "Benzon, Tiffany"]
[Result "1-0"]
[WhiteElo "1675"]
[BlackElo "1610"]
[TimeControl "5400/40+30:1800+30\""]
[EventDate "2024.09.11"]
[Board "4"]
[WhiteFideId "8404291"]
[BlackFideId "31001564"]
[WhiteTeam "Honduras"]
[BlackTeam "Guam"]

1. Nf3 d5 2. e3 Nc6 3. b3 b6 4. Bb2 Bb7 5. Be2 Nf6 6. O-O e6 7. d3 Bd6 8.
Nbd2 Qe7 9. a3 O-O-O 10. c4 Qd7 11. cxd5 exd5 12. Rc1 h6 13. Nh4 Be7 14.
Bxf6 Kb8 15. Bxe7 Qxe7 16. Nhf3 Rhe8 17. d4 Qxa3 18. Bb5 Re6 19. Qc2 a6 20.
Ra1 Qe7 21. Bxc6 Bxc6 22. Rfc1 Bb7 23. Ne5 Rdd6 24. f4 f6 25. f5 fxe5 26.
fxe6 exd4 27. exd4 Rxe6 28. Nf3 Re2 29. Qd1 Qe3+ 30. Kh1 Qe6 31. Ne5 Rxe5
32. dxe5 Qxe5 33. Qe1 Qh5 34. Qg3 Qf7 35. Rf1 Qe7 36. Rae1 Qd7 37. Rc1 d4
38. Rf8+ Ka7 39. Qxc7 Qd5 40. Qb8# 1-0

[Event "Olympiad Women 2024"]
[Site "Budapest HUN"]
[Date "2024.09.18"]
[Round "7.59"]
[White "Nomcebo, Sibisi"]
[Black "Prommuang, Araya"]
[Result "0-1"]
[WhiteElo "1570"]
[BlackElo "1753"]
[TimeControl "5400/40+30:1800+30\""]
[EventDate "2024.09.11"]
[Board "1"]
[WhiteFideId "20701152"]
[BlackFideId "6204996"]
[WhiteTeam "Eswatini"]
[BlackTeam "Thailand"]

1. d4 d5 2. Nf3 e6 3. g3 c5 4. Bg2 cxd4 5. Nxd4 Nf6 6. O-O e5 7. Nf3 Nc6 8.
Bg5 Be7 9. c4 e4 10. Nd4 h6 11. Nxc6 bxc6 12. Be3 O-O 13. Nc3 Be6 14. a3
Ng4 15. Bf4 f5 16. cxd5 cxd5 17. Nb5 g5 18. Nd4 Qb6 19. Nxe6 Qxe6 20. Bc1
Ne5 21. b4 Nc4 22. Qb3 Bf6 23. Rb1 Bg7 24. Rd1 d4 25. Bb2 Rfd8 26. Rbc1
Rac8 27. b5 Qf7 28. a4 Nxb2 29. Qxb2 d3 30. Qd2 Rxc1 31. Rxc1 Bf6 32. exd3
Rxd3 33. Qc2 Qd7 34. Qc8+ Qxc8 35. Rxc8+ Rd8 36. Rxd8+ Bxd8 37. Bf1 Kg7 38.
Bc4 Kf6 39. Kf1 Ke5 40. Ke2 f4 41. gxf4+ Kxf4 42. Be6 g4 43. Bd7 h5 44. Be6
Bb6 45. Bf7 h4 46. Be6 h3 47. Bd7 Bc7 48. Be6 Bb6 49. Bd7 Bc7 50. Be6 Kg5
51. Bd5 Kf5 52. Bc6 Bxh2 53. a5 Bc7 54. Kf1 Bxa5 55. Bd7+ Kf4 56. Bc8 Kf3
57. Bd7 h2 58. Bxg4+ Kxg4 59. Kg2 Bb6 60. Kxh2 Bxf2 61. Kg2 e3 62. b6 axb6
63. Kf1 b5 64. Kg2 b4 65. Kf1 b3 66. Ke2 b2 67. Kf1 b1=Q+ 68. Ke2 Qc2+ 69.
Kf1 Qd1+ 70. Kg2 Qg1# 0-1

[Event "Olympiad Women 2024"]
[Site "Budapest HUN"]
[Date "2024.09.18"]
[Round "7.59"]
[White "Mekarapiruk, Nathasha"]
[Black "Nkwanyane, Nolwazi"]
[Result "1-0"]
[WhiteElo "1728"]
[BlackElo "1542"]
[TimeControl "5400/40+30:1800+30\""]
[EventDate "2024.09.11"]
[Board "2"]
[WhiteFideId "6208487"]
[BlackFideId "20701381"]
[WhiteTeam "Thailand"]
[BlackTeam "Eswatini"]

1. e4 e5 2. Nf3 Nc6 3. d4 exd4 4. Nxd4 Bc5 5. Nb3 Bb6 6. Nc3 d6 7. Qe2 Nge7
8. Be3 Be6 9. O-O-O O-O 10. g3 Bxe3+ 11. Qxe3 f6 12. f4 Nb4 13. f5 Bxb3 14.
axb3 Nec6 15. Bc4+ Kh8 16. Rdg1 Ne5 17. Be6 c5 18. g4 Qa5 19. Kb1 Nec6 20.
g5 Nd4 21. gxf6 Rxf6 22. Qg3 g6 23. Rg2 Nxe6 24. fxe6 Raf8 25. Qe1 Rxe6 26.
h4 d5 27. h5 gxh5 28. Rxh5 d4 29. Rxh7+ 1-0

[Event "Olympiad Women 2024"]
[Site "Budapest HUN"]
[Date "2024.09.18"]
[Round "7.59"]
[White "Dlamini, Sincobile"]
[Black "Khantree, Napat"]
[Result "1/2-1/2"]
[WhiteElo "1572"]
[BlackElo "1711"]
[TimeControl "5400/40+30:1800+30\""]
[EventDate "2024.09.11"]
[Board "3"]
[WhiteFideId "20700997"]
[BlackFideId "6209289"]
[WhiteTeam "Eswatini"]
[BlackTeam "Thailand"]

1. e4 e5 2. Nf3 Nc6 3. d4 exd4 4. Bc4 h6 5. Nxd4 d6 6. O-O Nf6 7. Re1 Be7
8. Nc3 O-O 9. a4 Nxd4 10. Qxd4 Re8 11. Bf4 Nh5 12. Bxf7+ Kxf7 13. Qd5+ Kg6
14. Bg3 Nxg3 15. fxg3 Kh7 16. Ne2 Bf6 17. c3 Re5 18. Qd3 Qe8 19. Nf4 Bf5
20. Nd5 Bxe4 21. Rxe4 Rxe4 22. Re1 Qf7 23. Rxe4 Kh8 24. Nxf6 Qxf6 25. Qb5
b6 26. Re8+ Rxe8 27. Qxe8+ Kh7 28. Qd7 Qe5 29. Kf2 Qc5+ 30. Kf1 Qc4+ 31.
Kf2 Qc5+ 32. Kf1 Qc4+ 33. Kf2 Qc5+ 1/2-1/2

[Event "Olympiad Women 2024"]
[Site "Budapest HUN"]
[Date "2024.09.18"]
[Round "7.59"]
[White "Tawankanjana, Sasinat"]
[Black "Nosimilo, Mkhonto"]
[Result "1-0"]
[WhiteElo "1612"]
[BlackElo "1561"]
[TimeControl "5400/40+30:1800+30\""]
[EventDate "2024.09.11"]
[Board "4"]
[WhiteFideId "6208894"]
[BlackFideId "20700130"]
[WhiteTeam "Thailand"]
[BlackTeam "Eswatini"]

1. e4 e5 2. Nf3 Nc6 3. d4 d6 4. Nc3 Bg4 5. d5 Nd4 6. Be3 Nxf3+ 7. gxf3 Bd7
8. f4 Qh4 9. Qd2 h6 10. O-O-O Nf6 11. f3 a6 12. Bc4 O-O-O 13. Qe2 exf4 14.
Bf2 Qh5 15. Bxa6 c5 16. dxc6 Bxc6 17. Bb5 Bxb5 18. Nxb5 Kd7 19. Nd4 Qa5 20.
Qc4 d5 21. exd5 Qa6 22. Qb3 Bc5 23. Rhf1 g6 24. Qb5+ Qxb5 25. Nxb5 Bxf2 26.
Rxf2 Kc8 27. d6 Nd7 28. Rd4 g5 29. Rc4+ Kb8 30. Re2 Rhe8 31. Rce4 Rxe4 32.
Rxe4 Nf6 33. Re7 Rd7 34. Re5 b6 35. c4 Kb7 36. Kc2 Kc6 37. b4 Kb7 38. h3
Rd8 39. Rf5 Nd7 40. Rxf7 Kb8 41. Re7 h5 42. Nd4 Kc8 43. Nc6 Rg8 44. Nd4 g4
45. fxg4 hxg4 46. hxg4 Rf8 47. Nf3 Kd8 48. Kd3 Nf6 49. g5 Nh5 50. Rb7 Re8
51. Rb8+ Kd7 52. Rxe8 Kxe8 53. c5 bxc5 54. bxc5 Kd7 55. a4 Ng7 56. Nd4 f3
57. Ke3 Kc8 58. Kxf3 Ne8 59. Ke4 Kb7 60. c6+ Kc8 61. d7+ Kd8 62. dxe8=Q+
Kxe8 63. Ke5 Kd8 64. g6 Ke7 65. g7 Kf7 66. c7 1-0

[Event "Olympiad Women 2024"]
[Site "Budapest HUN"]
[Date "2024.09.18"]
[Round "7.60"]
[White "Kinoshita, Kanako"]
[Black "Zenobia, Wasif"]
[Result "1-0"]
[WhiteElo "1822"]
[BlackElo "1743"]
[TimeControl "5400/40+30:1800+30\""]
[EventDate "2024.09.11"]
[Board "2"]
[WhiteFideId "7002238"]
[BlackFideId "7800746"]
[WhiteTeam "Japan"]
[BlackTeam "Pakistan"]

1. e4 e5 2. Nf3 d6 3. d4 exd4 4. Nxd4 Nf6 5. Nc3 g6 6. Be3 Bg7 7. Qd2 Nc6
8. f3 Nxd4 9. Bxd4 Be6 10. O-O-O O-O 11. g4 h5 12. h3 a6 13. g5 Nd7 14. f4
f5 15. exf5 Bxf5 16. Bc4+ Kh7 17. Rde1 Nb6 18. Bxg7 Kxg7 19. Re3 Nxc4 20.
Qd4+ Kh7 21. Qxc4 b5 22. Qd5 c6 23. Qxc6 Rc8 24. Qxa6 b4 25. Qb7+ Qc7 26.
Re7+ Rf7 27. Rxf7+ Qxf7 28. Qxf7+ Kh8 29. Re1 bxc3 30. bxc3 1-0

[Event "Olympiad Women 2024"]
[Site "Budapest HUN"]
[Date "2024.09.18"]
[Round "7.60"]
[White "Mehak, Gul"]
[Black "Mitsuyama, Rikka"]
[Result "0-1"]
[WhiteElo "1710"]
[BlackElo "1738"]
[TimeControl "5400/40+30:1800+30\""]
[EventDate "2024.09.11"]
[Board "3"]
[WhiteFideId "7800908"]
[BlackFideId "7002815"]
[WhiteTeam "Pakistan"]
[BlackTeam "Japan"]

1. d4 d5 2. Nf3 Nf6 3. g3 Bf5 4. Bg2 e6 5. O-O Bd6 6. c4 c6 7. Qb3 Qb6 8.
Qxb6 axb6 9. cxd5 exd5 10. Nc3 O-O 11. Re1 h6 12. Ne5 b5 13. e4 dxe4 14.
Nxe4 Nxe4 15. Bxe4 Be6 16. Bd2 Bxe5 17. dxe5 Nd7 18. Bb1 Rfd8 19. Bc3 Nc5
20. Bc2 Bxa2 21. Bb4 Nd3 22. Bxd3 Rxd3 23. Red1 Rxd1+ 24. Rxd1 Bd5 25. Bc5
Ra2 26. b4 Rb2 27. h4 Bf3 28. Re1 b6 29. Bd6 Rc2 30. Bc7 c5 31. Bxb6 cxb4
32. g4 b3 33. Rb1 b2 34. Kh2 Be4 35. Bd4 Rc4 0-1

[Event "Olympiad Women 2024"]
[Site "Budapest HUN"]
[Date "2024.09.18"]
[Round "7.60"]
[White "Takayasu, Melody"]
[Black "Aayat, Asmi"]
[Result "1/2-1/2"]
[WhiteElo "1768"]
[BlackElo "1423"]
[TimeControl "5400/40+30:1800+30\""]
[EventDate "2024.09.11"]
[Board "4"]
[WhiteFideId "7003501"]
[BlackFideId "7810776"]
[WhiteTeam "Japan"]
[BlackTeam "Pakistan"]

1. e4 e6 2. f4 d5 3. e5 d4 4. Nf3 Nc6 5. a3 Nge7 6. Bd3 Nd5 7. g3 b6 8. b4
Nde7 9. Be4 Rb8 10. Bb2 a6 11. c4 dxc3 12. Nxc3 Nd4 13. Ne2 Nxf3+ 14. Bxf3
Bb7 15. Bxb7 Rxb7 16. Qa4+ b5 17. Qxa6 Rb6 18. Qa5 Nc6 19. Qxb6 cxb6 20.
Kf2 Qxd2 21. Bc3 Qd8 22. Rhd1 Qc8 23. Rac1 Be7 24. Bb2 Qb7 25. Nc3 Na7 26.
Ke3 O-O 27. Ne4 Qb8 28. Rd7 1/2-1/2

[Event "Olympiad Women 2024"]
[Site "Budapest HUN"]
[Date "2024.09.18"]
[Round "7.61"]
[White "Spinola, Divania"]
[Black "Morales Santos, Natasha"]
[Result "0-1"]
[WhiteElo "1583"]
[BlackElo "1972"]
[TimeControl "5400/40+30:1800+30\""]
[EventDate "2024.09.11"]
[Board "1"]
[WhiteFideId "23600551"]
[BlackFideId "3101703"]
[WhiteTeam "Cape Verde"]
[BlackTeam "Puerto Rico"]

1. e4 c5 2. d3 g6 3. Be3 Bg7 4. Nc3 d6 5. Be2 Nc6 6. Nf3 Nf6 7. O-O O-O 8.
d4 Ng4 9. dxc5 Nxe3 10. fxe3 dxc5 11. Qxd8 Rxd8 12. Bc4 e6 13. Ng5 Ne5 14.
Bb3 c4 15. Ba4 a6 16. Rad1 Rf8 17. h3 h6 18. Nf3 Nxf3+ 19. Rxf3 Bxc3 20.
bxc3 b5 21. Rd4 Bb7 22. Bb3 cxb3 23. cxb3 e5 24. Rd2 Bxe4 25. Rff2 Rfd8 26.
Rde2 Rd1+ 27. Kh2 Rad8 28. Rf6 R8d2 29. Rxd2 Rxd2 30. Kg1 Rxg2+ 31. Kf1
Rxa2 32. Rxa6 Rxa6 33. b4 Ra2 0-1

[Event "Olympiad Women 2024"]
[Site "Budapest HUN"]
[Date "2024.09.18"]
[Round "7.61"]
[White "Almeida, Jacira Laura"]
[Black "Alvarado Perez, Coralys M."]
[Result "0-1"]
[WhiteElo "1616"]
[BlackElo "1694"]
[TimeControl "5400/40+30:1800+30\""]
[EventDate "2024.09.11"]
[Board "3"]
[WhiteFideId "23601450"]
[BlackFideId "3106373"]
[WhiteTeam "Cape Verde"]
[BlackTeam "Puerto Rico"]

1. e4 d5 2. exd5 Qxd5 3. Nc3 Qa5 4. Bc4 Nf6 5. Nf3 Bf5 6. d3 e6 7. Bd2 Bb4
8. O-O Nbd7 9. a3 Bxc3 10. Bxc3 Qb6 11. Re1 O-O 12. h3 c6 13. Nh4 Bg6 14.
Nxg6 hxg6 15. Qf3 Nd5 16. Bxd5 cxd5 17. Qf4 Rac8 18. Rac1 a6 19. Qd4 Qxd4
20. Bxd4 Rc6 21. c4 Rfc8 22. b3 dxc4 23. Rxc4 b5 24. Rxc6 Rxc6 25. Rd1 e5
26. Bb2 Rc2 27. Bc1 Nc5 28. b4 Na4 29. Kf1 Nb2 30. Bxb2 Rxb2 31. d4 exd4
32. Rxd4 Rb3 33. Rd8+ Kh7 34. Rd7 f6 35. h4 Rxa3 36. Ra7 Ra4 37. g4 Rxb4
38. Rxa6 Rxg4 39. Rb6 b4 40. Ke2 Rxh4 41. f3 Rc4 42. Kd3 Rc3+ 43. Kd2 Rxf3
44. Rxb4 g5 45. Ke2 Rf4 46. Rb3 g4 47. Rg3 f5 48. Ke3 Re4+ 49. Kf2 Kg6 50.
Rg1 Kg5 51. Kg3 f4+ 52. Kf2 g3+ 53. Kf3 Re3+ 0-1

[Event "Olympiad Women 2024"]
[Site "Budapest HUN"]
[Date "2024.09.18"]
[Round "7.62"]
[White "Al Aisaee, Anat"]
[Black "Feng, Eunice"]
[Result "0-1"]
[WhiteElo "1608"]
[BlackElo "1974"]
[TimeControl "5400/40+30:1800+30\""]
[EventDate "2024.09.11"]
[Board "1"]
[WhiteFideId "22009752"]
[BlackFideId "331059520"]
[WhiteTeam "Oman"]
[BlackTeam "Hong Kong, China"]

1. e4 c6 2. Nc3 d5 3. Nf3 Bg4 4. h3 Bh5 5. exd5 cxd5 6. g4 Bg6 7. Bb5+ Nc6
8. Ne5 Rc8 9. d4 e6 10. h4 f6 11. Nxg6 hxg6 12. Qd3 Kf7 13. Be3 Bb4 14. Bd2
Qa5 15. Bxc6 Rxc6 16. h5 gxh5 17. gxh5 Ne7 18. O-O-O Bxc3 19. Bxc3 Qxa2 20.
Rdg1 Nf5 21. Qf3 Rh6 22. Qf4 Rc8 23. Kd2 Qc4 24. Ra1 a6 25. Rac1 b5 26. Ke1
b4 27. Rh3 bxc3 28. Rxc3 Qb4 29. Qd2 Rxc3 30. bxc3 Qc4 0-1

[Event "Olympiad Women 2024"]
[Site "Budapest HUN"]
[Date "2024.09.18"]
[Round "7.62"]
[White "Lou, Yuxin"]
[Black "Al Nadabi, Yomna"]
[Result "1-0"]
[WhiteElo "1654"]
[BlackElo "1612"]
[TimeControl "5400/40+30:1800+30\""]
[EventDate "2024.09.11"]
[Board "2"]
[WhiteFideId "6013996"]
[BlackFideId "22014373"]
[WhiteTeam "Hong Kong, China"]
[BlackTeam "Oman"]

1. d4 Nf6 2. c4 e6 3. Nc3 Bb4 4. Nf3 h6 5. Bd2 O-O 6. a3 Be7 7. e4 d6 8. h3
c5 9. d5 exd5 10. exd5 Re8 11. Bd3 Bf8+ 12. Be3 Nh5 13. O-O a6 14. Ng5 g6
15. Nf3 Nd7 16. Qd2 g5 17. Rfe1 Ne5 18. Nxe5 Rxe5 19. f4 gxf4 20. Bxf4
Rxe1+ 21. Rxe1 Qf6 22. Be3 Qg7 23. g4 f5 24. Bxh6 Qxh6 25. Qxh6 Bxh6 26.
gxh5 Kf7 27. Na4 Bd7 28. Nb6 Rg8+ 29. Kh1 Rg3 30. Bc2 f4 31. Bg6+ Kg8 32.
Nxd7 f3 33. Re8+ Kg7 34. Re7+ Kh8 35. Rh7+ Kg8 36. Nf6+ 1-0

[Event "Olympiad Women 2024"]
[Site "Budapest HUN"]
[Date "2024.09.18"]
[Round "7.62"]
[White "Al Ghafri, Alanoud"]
[Black "Liu, Tian Yi"]
[Result "0-1"]
[WhiteElo "1546"]
[BlackElo "1607"]
[TimeControl "5400/40+30:1800+30\""]
[EventDate "2024.09.11"]
[Board "3"]
[WhiteFideId "22000313"]
[BlackFideId "6006116"]
[WhiteTeam "Oman"]
[BlackTeam "Hong Kong, China"]

1. e4 c6 2. d4 d5 3. Nc3 dxe4 4. Nxe4 Bf5 5. Ng3 Bg6 6. Nf3 Nd7 7. h4 h6 8.
h5 Bh7 9. Bd3 Bxd3 10. Qxd3 e6 11. Bf4 Qa5+ 12. Bd2 Bb4 13. c3 Be7 14. Ne4
Ngf6 15. c4 Qc7 16. O-O-O O-O 17. Nxf6+ Nxf6 18. Ne5 c5 19. Bc3 Rfd8 20.
Qe2 b5 21. a3 b4 22. axb4 cxb4 23. Be1 Qb6 24. c5 Qa5 25. Nc6 Qa1+ 26. Kd2
Qxb2+ 27. Ke3 Nd5+ 28. Kf3 Qb3+ 29. Qd3 Qxd3+ 30. Rxd3 Rd7 31. Rb3 a5 32.
Bd2 Bf6 33. Ra1 a4 34. Bxb4 Rc7 35. Ne5 Bxe5 36. dxe5 Rb7 37. Rb2 Rxb4 38.
Rc2 Rb3+ 39. Ke2 Rc3 40. Rxc3 Nxc3+ 41. Kd3 Nd5 42. Kc4 Kf8 43. Kb5 Ke7 44.
c6 Kd8 45. g3 a3 46. f4 Kc7 47. Kc5 Ra5+ 48. Kd4 Kxc6 49. Kd3 a2 50. Kc4
Ra3 51. g4 Ne3+ 52. Kb4 Nc2+ 53. Kc4 Nxa1 54. f5 exf5 55. gxf5 Nb3 56. e6
a1=Q 57. exf7 Qd4# 0-1

[Event "Olympiad Women 2024"]
[Site "Budapest HUN"]
[Date "2024.09.18"]
[Round "7.62"]
[White "Liang, Liyun"]
[Black "Al Bulushi, Rawan"]
[Result "1/2-1/2"]
[WhiteElo "1463"]
[BlackElo "1560"]
[TimeControl "5400/40+30:1800+30\""]
[EventDate "2024.09.11"]
[Board "4"]
[WhiteFideId "2408015"]
[BlackFideId "22007415"]
[WhiteTeam "Hong Kong, China"]
[BlackTeam "Oman"]

1. e4 c5 2. Nf3 d6 3. d4 cxd4 4. Qxd4 Nc6 5. Bb5 Bd7 6. Bxc6 Bxc6 7. c4 Nf6
8. Nc3 e6 9. O-O Be7 10. Rd1 h6 11. h3 O-O 12. Be3 a6 13. Qd3 Qc7 14. Nd4
Bd7 15. Rac1 Rfd8 16. Qd2 e5 17. Nd5 Nxd5 18. cxd5 Qb8 19. Nf5 Bxf5 20.
exf5 Rc8 21. Qe2 Rxc1 22. Rxc1 Qd8 23. Rc4 Qa5 24. Rg4 Kh7 25. Qf3 Qxa2 26.
Qg3 Bf6 27. Rb4 Qxd5 28. Rb6 a5 29. Qg4 Bd8 30. f6 Bxf6 31. Qf5+ Kg8 32.
Qd7 Rd8 33. Qc7 Qd1+ 34. Kh2 Qd5 35. Rxb7 Ra8 36. Qb6 Rc8 37. Rd7 Qc6 38.
Qa7 Ra8 39. Rxd6 Rxa7 40. Rxc6 Rb7 41. Ra6 Rxb2 42. Rxa5 Kh7 43. Kg3 Rb3
44. h4 h5 45. Kf3 Rb4 46. g3 Kg6 47. Ra6 Rb7 48. Ke4 Rd7 49. Bg5 Rd4+ 50.
Kf3 Kf5 51. Be3 Rd3 52. Ra7 Ke6 53. Ke4 Rd6 54. Ra5 g6 55. Rb5 Bg7 56. Rb6
f5+ 57. Kf3 e4+ 58. Ke2 Rxb6 59. Bxb6 Kd5 60. Be3 Bc3 61. Kd1 Kc4 62. Ke2
Bb4 63. Bg5 Bc3 64. Be3 1/2-1/2

[Event "Olympiad Women 2024"]
[Site "Budapest HUN"]
[Date "2024.09.18"]
[Round "7.63"]
[White "Nahed, Galab"]
[Black "Alazmi, Amani"]
[Result "0-1"]
[WhiteElo "1693"]
[BlackElo "1673"]
[TimeControl "5400/40+30:1800+30\""]
[EventDate "2024.09.11"]
[Board "1"]
[WhiteFideId "12208515"]
[BlackFideId "10303553"]
[WhiteTeam "Sudan"]
[BlackTeam "Kuwait"]

1. Nf3 d5 2. d4 Nf6 3. g3 e6 4. Bg2 c5 5. c4 Nc6 6. cxd5 exd5 7. Nc3 cxd4
8. Nxd4 Be7 9. Bf4 Qb6 10. Ndb5 O-O 11. Nc7 Qxb2 12. N3xd5 Nxd5 13. Nxd5
Bb4+ 14. Nxb4 Qxb4+ 15. Bd2 Qe7 16. e4 Rd8 17. O-O Be6 18. Qc2 Nd4 19. Qb2
Rac8 20. Be3 Nc2 21. Rab1 Nxe3 22. fxe3 b6 23. Rbd1 Qc5 24. Qf2 Qa5 25. Qf4
Rxd1 26. Rxd1 Qxa2 27. Qc7 h6 28. Rd8+ Rxd8 29. Qxd8+ Kh7 30. Qd3 Bc4 31.
Qd1 Qe2 32. Qc1 a5 33. h4 b5 34. Qa3 a4 35. e5 Qd3 36. Qc5 a3 37. e6 fxe6
38. Qe5 Bd5 39. e4 Bc4 40. Kh2 a2 41. h5 Qd1 42. Bh3 a1=Q 43. Bf5+ exf5 44.
Qxf5+ Kh8 0-1

[Event "Olympiad Women 2024"]
[Site "Budapest HUN"]
[Date "2024.09.18"]
[Round "7.63"]
[White "Sabreen, Oraby"]
[Black "Nema, Rabab"]
[Result "1-0"]
[WhiteElo "1812"]
[BlackElo "1601"]
[TimeControl "5400/40+30:1800+30\""]
[EventDate "2024.09.11"]
[Board "3"]
[WhiteFideId "10610499"]
[BlackFideId "10304070"]
[WhiteTeam "Sudan"]
[BlackTeam "Kuwait"]

1. c4 Nf6 2. g3 g6 3. Bg2 Bg7 4. Nc3 O-O 5. Nf3 d6 6. d4 c5 7. O-O Nc6 8.
Bg5 h6 9. Be3 Ng4 10. Rc1 Nxe3 11. fxe3 Bg4 12. d5 Ne5 13. b3 Qd7 14. e4
Bh3 15. Qd2 Bxg2 16. Kxg2 Rab8 17. Nxe5 dxe5 18. Rcd1 Rbd8 19. Qe3 b6 20.
a4 a5 21. Nb5 f5 22. exf5 gxf5 23. Qf3 f4 24. Qe4 fxg3 25. hxg3 Rxf1 26.
Rxf1 Rf8 27. Rxf8+ Kxf8 28. Qg6 Qe8 29. Qxb6 Qh5 30. Qxc5 Qxe2+ 31. Qf2+
Qxf2+ 32. Kxf2 Ke8 33. Na7 e4 34. Ke3 Be5 35. g4 Kd7 36. Kxe4 Bc3 37. c5
Bb4 38. c6+ Kc7 39. Nb5+ Kc8 40. Ke5 Bc5 41. Ke6 Bb4 42. Nd4 Kd8 43. Nf5
Ke8 44. c7 1-0

[Event "Olympiad Women 2024"]
[Site "Budapest HUN"]
[Date "2024.09.18"]
[Round "7.63"]
[White "Ajbali, Ghaleyah"]
[Black "Rawan, Mansor"]
[Result "0-1"]
[WhiteElo "1513"]
[BlackElo "1717"]
[TimeControl "5400/40+30:1800+30\""]
[EventDate "2024.09.11"]
[Board "4"]
[WhiteFideId "10306579"]
[BlackFideId "12200794"]
[WhiteTeam "Kuwait"]
[BlackTeam "Sudan"]

1. e4 c6 2. d4 d5 3. exd5 cxd5 4. Bd3 Nf6 5. h3 Nc6 6. c3 e6 7. Nf3 Bd6 8.
O-O O-O 9. Re1 a6 10. Ne5 Qc7 11. Bf4 Nd7 12. Qh5 g6 13. Qe2 Ndxe5 14. Bxe5
Nxe5 15. dxe5 Bc5 16. Nd2 b6 17. b4 Be7 18. Rac1 b5 19. Nf3 Qb6 20. a3 Bd7
21. h4 Rfc8 22. h5 a5 23. hxg6 hxg6 24. Qb2 Ra7 25. g3 axb4 26. axb4 Rac7
27. Kg2 Kg7 28. Qd2 Rh8 29. Rh1 Rcc8 30. Qf4 Rcf8 31. Rxh8 Rxh8 32. Ng5 Be8
33. Nf3 Bd7 34. Ng5 Be8 35. Nf3 Bc6 36. Nd4 Bd7 37. Rh1 Rxh1 38. Kxh1 Qc7
39. Bxb5 Bxb5 40. Nxb5 Qc6 41. Nd6 Bxd6 42. exd6 d4+ 43. Kh2 dxc3 44. d7
Qxd7 45. Qe5+ Kf8 46. Qxc3 Qa7 47. Kg2 Ke7 48. f3 Qb7 49. Qc5+ Kd7 50. b5
Qc7 51. Qd4+ Kc8 52. b6 Qc6 53. g4 Kb7 54. Kg3 Qxb6 55. Qxb6+ Kxb6 56. Kf4
Kc6 57. Ke5 Kd7 58. Kf6 Ke8 59. f4 Kf8 60. g5 Ke8 61. Kg7 Ke7 62. Kh6 e5
63. fxe5 Ke6 64. Kg7 Kxe5 65. Kxf7 Kf5 0-1

[Event "Olympiad Women 2024"]
[Site "Budapest HUN"]
[Date "2024.09.18"]
[Round "7.64"]
[White "Bantiwalu, Aster Melake"]
[Black "Ashbrooke, Monika"]
[Result "1/2-1/2"]
[WhiteElo "1704"]
[BlackElo "1650"]
[TimeControl "5400/40+30:1800+30\""]
[EventDate "2024.09.11"]
[Board "2"]
[WhiteFideId "15702081"]
[BlackFideId "15600262"]
[WhiteTeam "Ethiopia"]
[BlackTeam "Jersey"]

1. e4 e6 2. Nc3 d5 3. exd5 exd5 4. d4 c6 5. Nf3 Bd6 6. Be2 Ne7 7. O-O O-O
8. a3 a5 9. Bg5 f6 10. Be3 Bc7 11. h3 Nf5 12. Bd3 Qd6 13. Bxf5 Bxf5 14. Ne2
g5 15. Ng3 Be4 16. Nd2 Bg6 17. f4 Nd7 18. c3 Rae8 19. Qf3 Qe7 20. Rae1 h6
21. Qf2 Bd3 22. Qf3 Bxf1 23. Ngxf1 Bxf4 24. Bf2 Qd6 25. Rxe8 Rxe8 26. Qh5
Qf8 27. Nb3 b6 28. h4 Kg7 29. a4 Qf7 30. Qd1 c5 31. dxc5 Nxc5 32. Nd4 Qd7
33. Nb5 Ne4 34. Bxb6 Ng3 35. hxg5 hxg5 36. Nd4 Nxf1 37. Kxf1 Bg3 38. Ne2
Qf5+ 39. Kg1 Qe5 40. Nxg3 Qxg3 41. Bf2 Qb8 42. Qxd5 Rd8 43. Qf3 Qxb2 44.
Bd4 Qc1+ 45. Kf2 Qf4 46. Qxf4 gxf4 47. Kf3 Kg6 48. Kxf4 Rc8 49. Ke4 Rc4 50.
Kd5 Rxa4 51. c4 Ra2 52. c5 Rxg2 53. c6 Rh2 54. c7 Rh8 55. Kc4 Rc8 56. Bb6
a4 57. Kb4 f5 58. Kxa4 f4 59. Kb5 f3 60. Kc6 1/2-1/2

[Event "Olympiad Women 2024"]
[Site "Budapest HUN"]
[Date "2024.09.18"]
[Round "7.64"]
[White "Forbes, Yasmin"]
[Black "Abera, Mekdes Demssie"]
[Result "0-1"]
[WhiteElo "1606"]
[BlackElo "1593"]
[TimeControl "5400/40+30:1800+30\""]
[EventDate "2024.09.11"]
[Board "3"]
[WhiteFideId "67600638"]
[BlackFideId "15701964"]
[WhiteTeam "Jersey"]
[BlackTeam "Ethiopia"]

1. c4 e6 2. g3 c6 3. Bg2 Nf6 4. Nc3 Bc5 5. d4 Bb6 6. Nf3 a6 7. O-O d5 8. b3
Nbd7 9. Bg5 h6 10. Bf4 g5 11. Bd6 Bc7 12. Bxc7 Qxc7 13. Nd2 b6 14. e4 dxe4
15. Ndxe4 Bb7 16. Qf3 Nxe4 17. Nxe4 f5 18. Qh5+ Ke7 19. Nc3 Nf6 20. Qe2
Rad8 21. Rfe1 Bc8 22. d5 cxd5 23. Bxd5 Rd6 24. Qe5 Qc5 25. Na4 Qc7 26. Qxf5
Kf7 27. Bxe6+ Bxe6 28. Qe5 Qc6 29. Nc3 Re8 30. a4 Bh3 0-1